| 000 | 00446nam a2200109Ia 4500 | ||
|---|---|---|---|
| 008 | 230907s9999||||xx |||||||||||||| ||und|| | ||
| 082 |
_a621.3 _bIEC |
||
| 100 |
_aIEC Standards _9117978 |
||
| 245 | 0 | _aIEC 60893-3-1 ED. 2.0 B:2003, INSULATING MATERIALS - INDUSTRIAL RIGID LAMINATED SHEETS BASED ON THERMOSETTING RESINS FOR ELECTRICAL PURPOSES - PART ... TYPES OF INDUSTRIAL RIGID LAMINATED SHEETS | |
| 260 |
_aBK _bIEC _c2019-09-13 |
||
| 942 |
_2ddc _cEB |
||
| 999 |
_c599844 _d599844 |
||